Statistics for NATO Countries Quiz

Click here to take the quiz!

General Stats

  • This quiz has been taken 100,627 times
    (23,130 since last reset)
  • The average score is 26 of 30

Answer Stats

JoinedCountry% Correct
1949United Kingdom
99%
1949United States
98%
1949France
98%
1982Spain
97%
1955Germany
97%
1949Italy
95%
1949Portugal
94%
1949Norway
94%
1949Canada
94%
1999Poland
92%
1949Belgium
92%
1949Netherlands
91%
1949Denmark
90%
1952Greece
90%
2004Estonia
85%
1999Hungary
85%
2009Croatia
85%
2004Latvia
85%
2004Slovakia
85%
1952Turkey
84%
2004Slovenia
84%
2004Lithuania
84%
1999Czech Republic
84%
2004Romania
83%
1949Luxembourg
81%
1949Iceland
81%
2004Bulgaria
81%
2009Albania
77%
2020North Macedonia
70%
2017Montenegro
68%

Score Distribution

Percentile by Number Answered

Percent of People with Each Score

Your Score History

You have not taken this quiz since the last reset